000 00586nam a2200217Ia 4500
003 OSt
005 20220928145436.0
006 a|||||r|||| 00| 0
007 ta
008 220927b |||||||| |||| 00| 0 eng d
024 _a80606
037 _cTextual
040 _aSDCL
_cSDCL
_beng
041 _2eng
_aeng
082 _aXM2.3'M, M7
100 _aClaeys Gregory
_9512974
245 0 _aMachinery,money and the millennium
_b From moral economy to Socialism 1815-1860
260 _c1987
942 _hXM2.3'M, M7
_cTEXL
_2CC
999 _c833625
_d833625